More mobile : portable architecture for today /

Bibliographic Details
Other Authors: Siegal, Jennifer, 1965-
Format: Book
Language:English
Published: New York : Princeton Architectural Press, [2008]
Subjects:

MARC

Tag First Indicator Second Indicator Subfields
LEADER 00000cam a22000004a 4500
001 in00002428811
005 20151109171525.0
008 080125s2008 nyua 000 0 eng
010 |a  2008003927 
015 |a GBA8A9897  |2 bnb 
016 7 |a 014754671  |2 Uk 
020 |a 9781568987583 (alk. paper) 
020 |a 1568987587 (alk. paper) 
035 |a (OCoLC)ocn191846905 
035 |a (OCoLC)191846905 
040 |a DLC  |c DLC  |d YDX  |d BTCTA  |d BAKER  |d YDXCP  |d UKM  |d UtOrBLW 
049 |a TXAM 
050 0 0 |a NA8480  |b .M67 2008 
082 0 0 |a 720  |2 22 
245 0 0 |a More mobile :  |b portable architecture for today /  |c edited by Jennifer Siegal ; foreword by Jude Stewart ; introduction by William J. Mitchell. 
264 1 |a New York :  |b Princeton Architectural Press,  |c [2008] 
264 4 |c ©2008 
300 |a 143 pages :  |b illustrations (some color) ;  |c 16 x 23 cm. 
336 |a text  |b txt  |2 rdacontent 
337 |a unmediated  |b n  |2 rdamedia 
338 |a volume  |b nc  |2 rdacarrier 
505 0 |a Studio-Orta -- Dré Wapenaar -- Andrea Zittel -- Andrew Maynard -- Andreas Vogler -- Horden Cherry Lee Architects -- N55 -- Atelier Bow-Wow -- Mark Fisher Studio -- MMW -- LOT-EK -- Office of Mobile Design. 
650 0 |a Buildings, Portable. 
700 1 |a Siegal, Jennifer,  |d 1965- 
938 |a Baker and Taylor  |b BTCP  |n BK0007782764 
938 |a Baker & Taylor  |b BKTY  |c 24.95  |d 18.71  |i 1568987587  |n 0007782764  |s active 
938 |a YBP Library Services  |b YANK  |n 2858686 
945 |a PromptCat  |b 544640 
946 |a stk 
947 |a A14836664758 
994 |a 92  |b TXA 
948 |a cataloged  |b h  |d 2008/11/6  |h c  |e asalazar  |f 11:01:48 am 
999 |a MARS 
999 f f |s 885ddf8c-6fd4-3014-8a7d-365da9287a8e  |i d2b06fef-d9b0-3944-b604-fa3dc1471a93  |t 0 
952 f f |p ric  |a Texas A&M University  |b Rellis Campus  |c Joint Library Facility  |d Remote Storage  |t 0  |e NA8480 .M67 2008  |h Library of Congress classification  |i unmediated -- volume  |m A14836664758 
998 f f |a NA8480 .M67 2008  |t 0  |l Remote Storage